[Event "DEN-chT 2324 61st"]
[Site "Denmark"]
[Date "2024.01.28"]
[Round "6.7"]
[White "Wiecker, Stefan"]
[Black "Holmsgaard, Henrik"]
[Result "0-1"]
[WhiteElo "2120"]
[BlackElo "2154"]
[PlyCount "79"]
[EventDate "2023.10.28"]
[EventType "team-tourn"]
[EventRounds "9"]
[EventCountry "DEN"]
[SourceTitle "CB11_2024"]
[SourceDate "2024.03.13"]
[SourceVersion "1"]
[SourceVersionDate "2024.03.13"]
[SourceQuality "1"]
[WhiteTeam "Frem"]
[BlackTeam "Bronshoj"]
[WhiteTeamCountry "DEN"]
[BlackTeamCountry "DEN"]

1. e4 c5 2. Nc3 e6 3. Nf3 a6 4. d4 cxd4 5. Nxd4 Nc6 6. Be3 Qc7 7. Be2 Nf6 8. 0-0 Be7 9. f4 d6 10. Qe1 0-0 11. Nxc6 bxc6 12. g4 d5 13. e5 Nd7 14. Bf2 Bb7 15. g5 c5 16. Bf3 Rfd8 17. h4 Nb6 18. b3 Rac8 19. Kh2 d4 20. Ne4 c4 21. Rd1 Nd5 22. Rxd4 cxb3 23. cxb3 Nxf4 24. Nd6 Rxd6 25. exd6 Bxd6 26. Bg3 Nd5 27. Rc4 Qd7 28. Rxc8+ Bxc8 29. Bxd6 Qxd6+ 30. Qg3 Qb6 31. Rc1 Bd7 32. Bxd5 exd5 33. Qf4 h6 34. gxh6 Qe6 35. Qg3 g6 36. Re1 Qf5 37. Re5 Qc2+ 38. Kg1 Bc6 39. h5 Qd1+ 40. Kf2 0-1

[Event "DEN-chT 2324 61st"]
[Site "Denmark"]
[Date "2023.10.29"]
[Round "2.7"]
[White "Rendboe, John Filip"]
[Black "Wiecker, Stefan"]
[Result "1/2-1/2"]
[WhiteElo "2153"]
[BlackElo "2120"]
[PlyCount "102"]
[EventDate "2023.10.28"]
[EventType "team-tourn"]
[EventRounds "9"]
[EventCountry "DEN"]
[SourceTitle "Mega2024 Update 01"]
[Source "Chessbase"]
[SourceDate "2023.11.12"]
[SourceVersion "1"]
[SourceVersionDate "2023.11.12"]
[SourceQuality "1"]
[WhiteTeam "Aarhus/Skolerne"]
[BlackTeam "Frem"]
[WhiteTeamCountry "DEN"]
[BlackTeamCountry "DEN"]

1. c4 g6 2. g3 Bg7 3. Bg2 d6 4. d4 Nf6 5. Nf3 0-0 6. 0-0 Nbd7 7. Nc3 e5 8. dxe5 dxe5 9. e4 c6 10. Qc2 Qc7 11. b3 Re8 12. Bb2 Nf8 13. Rad1 Bg4 14. h3 Bxf3 15. Bxf3 Ne6 16. Ne2 Rad8 17. Bg2 Rxd1 18. Rxd1 h5 19. h4 Nd7 20. Bh3 Ndf8 21. b4 a5 22. a3 axb4 23. axb4 Rd8 24. Rxd8 Qxd8 25. c5 b6 26. cxb6 Qxb6 27. Qc4 g5 28. hxg5 Nxg5 29. Bf5 h4 30. Bc1 hxg3 31. Nxg3 Nf3+ 32. Kg2 Nh4+ 33. Kf1 Nfg6 34. Bxg6 Nxg6 35. Nf5 Qd8 36. Ke2 Qd7 37. Be3 Bf8 38. f3 Qb7 39. Nh6+ Bxh6 40. Bxh6 Qd7 41. Qd3 Qh3 42. Qd8+ Kh7 43. Bg5 Qg2+ 44. Ke3 Qg1+ 45. Ke2 Qh2+ 46. Kd3 Qb2 47. Qf6 Qd4+ 48. Ke2 Qc4+ 49. Kf2 Qd4+ 50. Kg2 Qc4 51. Kg3 Qe6 1/2-1/2

[Event "Odense op"]
[Site "Odense"]
[Date "2013.10.05"]
[Round "2"]
[White "Poulsen, Iver"]
[Black "Wiecker, Stefan"]
[Result "1/2-1/2"]
[WhiteElo "2095"]
[BlackElo "2174"]
[PlyCount "94"]
[EventDate "2013.10.05"]
[EventType "swiss"]
[EventRounds "5"]
[EventCountry "DEN"]
[SourceTitle "CBM 157 Extra"]
[Source "ChessBase"]
[SourceDate "2013.12.19"]
[SourceVersion "1"]
[SourceVersionDate "2013.12.19"]
[SourceQuality "1"]

1. e4 d6 2. d4 Nf6 3. Nc3 g6 4. f4 Bg7 5. Nf3 0-0 6. Be3 c6 7. Qd2 b5 8. Bd3 Nbd7 9. e5 b4 10. exf6 bxc3 11. Qxc3 Nxf6 12. Qxc6 Rb8 13. Qa4 Rxb2 14. Qxa7 Ng4 15. Bd2 e5 16. fxe5 dxe5 17. 0-0 exd4 18. h3 Ne3 19. Bxe3 dxe3 20. Qxe3 Qa5 21. a3 Bb7 22. Kh1 Rb6 23. Rab1 Re6 24. Qd2 Qa8 25. a4 Rd8 26. a5 Red6 27. Qb4 Bd5 28. a6 Bf8 29. Qh4 R8d7 30. Rf2 Be7 31. Qa4 Qa7 32. Re2 Bf6 33. Rf1 Kg7 34. Nd2 Re7 35. Rxe7 Qxe7 36. a7 Ba8 37. Nf3 Rd7 38. Qf4 Rxa7 39. Re1 Qc7 40. Qxc7 Rxc7 41. Kg1 Bc3 42. Re2 Bd5 43. Kf2 Ra7 44. Ke3 f5 45. Kf2 Kf6 46. Re8 Ra2 47. Ke2 Ra1 1/2-1/2

[Event "DEN-ch cand"]
[Site "Odense"]
[Date "2011.04.25"]
[Round "7"]
[White "Rostgaard, Tobias Valentin"]
[Black "Wiecker, Stefan"]
[Result "0-1"]
[WhiteElo "2175"]
[BlackElo "2168"]
[PlyCount "84"]
[EventDate "2011.04.19"]
[EventType "swiss"]
[EventRounds "7"]
[EventCountry "DEN"]
[SourceTitle "EXT 2018"]
[Source "ChessBase"]
[SourceDate "2017.10.13"]
[SourceVersion "1"]
[SourceVersionDate "2017.10.13"]
[SourceQuality "1"]

1. c4 g6 2. Nc3 Bg7 3. g3 d6 4. Bg2 Nc6 5. Nf3 e5 6. d3 f5 7. 0-0 Nf6 8. Bg5 h6 9. Bxf6 Qxf6 10. Rb1 g5 11. e3 0-0 12. Nd2 f4 13. Nd5 Qf7 14. b4 Be6 15. b5 Nd8 16. g4 Qd7 17. h3 c6 18. bxc6 bxc6 19. Nc3 h5 20. Bf3 Rc8 21. e4 Nf7 22. Kh1 Bf6 23. Rg1 Nh6 24. Nf1 hxg4 25. Bxg4 Nxg4 26. hxg4 Kg7 27. f3 Kg6 28. Rb2 Rh8+ 29. Nh2 Rh3 30. Rgg2 Rch8 31. d4 exd4 32. Qb1 dxc3 33. Rb7 Rxh2+ 34. Rxh2 c2 35. Qxc2 Rxh2+ 36. Kxh2 Qxb7 37. e5+ Kh6 38. exf6 Qh7 39. Qc3 Kg6+ 40. Kg2 Qh4 41. c5 dxc5 42. Qc2+ Kf7 0-1

[Event "DEN-ch cand"]
[Site "Odense"]
[Date "2011.04.24"]
[Round "6"]
[White "Wiecker, Stefan"]
[Black "Kryger, Oksana"]
[Result "1-0"]
[WhiteElo "2168"]
[BlackElo "2204"]
[PlyCount "67"]
[EventDate "2011.04.19"]
[EventType "swiss"]
[EventRounds "7"]
[EventCountry "DEN"]
[SourceTitle "EXT 2018"]
[Source "ChessBase"]
[SourceDate "2017.10.13"]
[SourceVersion "1"]
[SourceVersionDate "2017.10.13"]
[SourceQuality "1"]

1. e4 e6 2. d4 d5 3. Nc3 Nf6 4. Bg5 dxe4 5. Nxe4 Nbd7 6. Nf3 h6 7. Nxf6+ Nxf6 8. Bxf6 Qxf6 9. Ne5 c6 10. Bd3 Bd6 11. Qe2 Bd7 12. a4 Rd8 13. Qe4 Qe7 14. 0-0 f5 15. Qe2 Bxe5 16. Qxe5 0-0 17. c3 Qf6 18. Qa5 a6 19. Rfe1 Bc8 20. Bc4 b5 21. Bb3 f4 22. Qc7 Bd7 23. f3 Rf7 24. axb5 axb5 25. Qd6 Qe7 26. Qe5 Re8 27. Ra7 Qf8 28. Bc2 Rd8 29. Rc7 Rf6 30. Ra1 Ra8 31. Rxa8 Qxa8 32. Rxd7 Qa1+ 33. Kf2 Qxb2 34. Rd8+ 1-0

[Event "DEN-ch cand"]
[Site "Odense"]
[Date "2011.04.19"]
[Round "1"]
[White "Nordenbaek, Jan"]
[Black "Wiecker, Stefan"]
[Result "1-0"]
[WhiteElo "2271"]
[BlackElo "2168"]
[PlyCount "74"]
[EventDate "2011.04.19"]
[EventType "swiss"]
[EventRounds "7"]
[EventCountry "DEN"]
[SourceTitle "EXT 2018"]
[Source "ChessBase"]
[SourceDate "2017.10.13"]
[SourceVersion "1"]
[SourceVersionDate "2017.10.13"]
[SourceQuality "1"]

1. d4 Nf6 2. Nf3 g6 3. c4 Bg7 4. g3 0-0 5. Bg2 d6 6. 0-0 Nc6 7. Nc3 Bd7 8. h3 e5 9. d5 e4 10. Nd2 e3 11. dxc6 exd2 12. cxd7 dxc1Q 13. Rxc1 Nxd7 14. b3 Nc5 15. e3 a5 16. Qc2 Qb8 17. Rfd1 Na6 18. a3 Nc5 19. Rb1 Ra6 20. h4 Ne6 21. Nb5 Rd8 22. Rd2 Nc5 23. Kh2 Re8 24. Rbd1 Rb6 25. Kg1 Bf6 26. Rb1 Kg7 27. Nc3 c6 28. b4 axb4 29. axb4 Na6 30. b5 Nc5 31. Na4 Nxa4 32. Qxa4 Qa8 33. Qxa8 Rxa8 34. Rxd6 Ra4 35. Bf1 Be5 36. Rd7 cxb5 37. Rxb5 Rb4 1-0

[Event "Borup op 5th"]
[Site "Borup"]
[Date "2010.09.12"]
[Round "9"]
[White "Antonsen, Mikkel"]
[Black "Wiecker, Stefan"]
[Result "1-0"]
[WhiteElo "2471"]
[BlackElo "2157"]
[PlyCount "66"]
[EventDate "2010.09.03"]
[EventType "swiss"]
[EventRounds "9"]
[EventCountry "DEN"]
[SourceTitle "CBM 138 Extra"]
[Source "ChessBase"]
[SourceDate "2010.10.29"]
[SourceVersion "1"]
[SourceVersionDate "2010.10.29"]
[SourceQuality "1"]

1. d4 Nf6 2. Nf3 g6 3. Bf4 Bg7 4. c3 0-0 5. h3 d6 6. e3 c5 7. Nbd2 Nc6 8. Be2 Re8 9. Bh2 cxd4 10. cxd4 e5 11. 0-0 exd4 12. exd4 d5 13. Bb5 Qb6 14. Bxc6 Qxc6 15. Nb3 Bf5 16. Rc1 Qa4 17. a3 b6 18. Nbd2 Qxd1 19. Rfxd1 Rac8 20. Be5 h6 21. Nf1 g5 22. Ne3 Be6 23. h4 g4 24. Ne1 Ne4 25. Bxg7 Kxg7 26. Nd3 g3 27. f3 Nd6 28. Nf4 Rxc1 29. Rxc1 Nb5 30. Rd1 Rd8 31. Nh5+ Kg6 32. Nxg3 Rf8 33. Ne2 f5 1-0

[Event "Horsens Lang Weekend 13th"]
[Site "Horsens"]
[Date "2010.07.25"]
[Round "7"]
[White "Andersen, Jackie"]
[Black "Wiecker, Stefan"]
[Result "1-0"]
[WhiteElo "2276"]
[BlackElo "2171"]
[PlyCount "67"]
[EventDate "2010.07.22"]
[EventType "swiss"]
[EventRounds "7"]
[EventCountry "DEN"]
[SourceTitle "EXT 2012"]
[Source "ChessBase"]
[SourceDate "2011.11.24"]
[SourceVersion "1"]
[SourceVersionDate "2011.11.24"]
[SourceQuality "1"]

1. c4 g6 2. Nf3 Bg7 3. d4 Nf6 4. Nc3 0-0 5. Bg5 h6 6. Bh4 d6 7. e3 Nbd7 8. Qc2 a6 9. Be2 c6 10. 0-0 b5 11. a3 Bb7 12. Rad1 bxc4 13. Bxc4 c5 14. dxc5 g5 15. c6 Bxc6 16. Bg3 Qc8 17. Nd4 Bb7 18. Ba2 Kh8 19. Bb1 Ne5 20. Nf5 Qc6 21. f4 Ng6 22. fxg5 hxg5 23. Nxe7 Nxe7 24. Rxf6 Qxg2+ 25. Qxg2 Bxg2 26. Rfxd6 Bf3 27. Rf1 g4 28. Rd7 Ng6 29. h3 Bh6 30. hxg4 Bxe3+ 31. Kh2 Bxg4 32. Rdxf7 Rxf7 33. Rxf7 Rg8 34. Be5+ 1-0

[Event "Horsens Lang Weekend 13th"]
[Site "Horsens"]
[Date "2010.07.24"]
[Round "6"]
[White "Wiecker, Stefan"]
[Black "Berg, Klaus"]
[Result "1/2-1/2"]
[WhiteElo "2171"]
[BlackElo "2428"]
[PlyCount "37"]
[EventDate "2010.07.22"]
[EventType "swiss"]
[EventRounds "7"]
[EventCountry "DEN"]
[SourceTitle "EXT 2012"]
[Source "ChessBase"]
[SourceDate "2011.11.24"]
[SourceVersion "1"]
[SourceVersionDate "2011.11.24"]
[SourceQuality "1"]

1. e4 g6 2. d4 Bg7 3. Nc3 d6 4. Be3 a6 5. Qd2 Nd7 6. h4 h5 7. Nh3 b5 8. 0-0-0 Bb7 9. Ng5 Rc8 10. f4 Nh6 11. e5 Nb6 12. f5 Nxf5 13. e6 fxe6 14. Nxe6 Qd7 15. Nxg7+ Nxg7 16. Bd3 Nf5 17. Bg5 Nc4 18. Bxc4 bxc4 19. d5 1/2-1/2

[Event "Horsens Lang Weekend 13th"]
[Site "Horsens"]
[Date "2010.07.24"]
[Round "5"]
[White "Wiecker, Stefan"]
[Black "Teplyi, Igor"]
[Result "1/2-1/2"]
[WhiteElo "2171"]
[BlackElo "2342"]
[PlyCount "54"]
[EventDate "2010.07.22"]
[EventType "swiss"]
[EventRounds "7"]
[EventCountry "DEN"]
[SourceTitle "EXT 2012"]
[Source "ChessBase"]
[SourceDate "2011.11.24"]
[SourceVersion "1"]
[SourceVersionDate "2011.11.24"]
[SourceQuality "1"]

1. e4 c5 2. Nf3 a6 3. c3 e6 4. d4 Qc7 5. Bd3 d6 6. 0-0 Nd7 7. Re1 b6 8. Nbd2 Bb7 9. Qe2 Ne7 10. Nf1 g6 11. h4 Bg7 12. h5 0-0 13. hxg6 hxg6 14. Ne3 Nf6 15. dxc5 dxc5 16. Ng5 Rfd8 17. Bc2 b5 18. Ng4 Nxg4 19. Qxg4 e5 20. Qh4 Rd6 21. f4 Rf6 22. Nh7 Rb6 23. Rf1 f6 24. Be3 exf4 25. Bxf4 Qc6 26. Bg5 Nf5 27. Qh3 Ne7 1/2-1/2

[Event "DEN-ch"]
[Site "Silkeborg"]
[Date "2009.04.08"]
[Round "5"]
[White "Wiecker, Stefan"]
[Black "Eriksson, Christian Altenburg"]
[Result "1/2-1/2"]
[WhiteElo "2102"]
[BlackElo "2122"]
[PlyCount "170"]
[EventDate "2009.04.04"]
[EventType "swiss"]
[EventRounds "9"]
[EventCountry "DEN"]
[SourceTitle "CBM 129 Extra"]
[Source "ChessBase"]
[SourceDate "2009.05.05"]
[SourceVersion "2"]
[SourceVersionDate "2009.05.20"]
[SourceQuality "1"]

1. e4 c5 2. Nf3 Nc6 3. d4 cxd4 4. Nxd4 Nf6 5. Nc3 e5 6. Ndb5 d6 7. Nd5 Nxd5 8. exd5 Nb8 9. Qf3 Be7 10. Qc3 Na6 11. Be3 0-0 12. Nxa7 Bd7 13. Bxa6 bxa6 14. 0-0 f5 15. f3 Bf6 16. Qc4 Kh8 17. Qxa6 Qb8 18. a4 Qxb2 19. Qxd6 Rfd8 20. Bb6 Be7 21. Qc7 e4 22. fxe4 Rab8 23. a5 Qf6 24. e5 Qh4 25. c4 Bg5 26. e6 Be8 27. Rxf5 Bg6 28. Rf2 Bf6 29. Qf4 Qxf4 30. Rxf4 Bxa1 31. Bxd8 Rxd8 32. e7 Rg8 33. Nc6 Bf6 34. d6 Be8 35. Nd8 Be5 36. d7 Bxf4 37. Nf7+ Bxf7 38. d8Q Re8 39. a6 Bg5 40. a7 Be3+ 41. Kh1 Bxa7 42. Qd7 Bc5 43. h4 Kg8 44. Qf5 Bxe7 45. c5 Bxh4 46. Qg4 Bf6 47. c6 Be6 48. Qa4 Rc8 49. Qe4 Kf7 50. Kg1 h6 51. Kf2 Ke7 52. Qb4+ Kf7 53. Qb7+ Kg6 54. Ke3 h5 55. Kf4 h4 56. Qb1+ Kh6 57. Qe4 Bf7 58. Kf3 Bh5+ 59. Kf2 Rf8 60. Kg1 Bd8 61. Qd4 Bc7 62. Qxh4 Bb6+ 63. Kh2 Bc7+ 64. Kg1 g5 65. Qd4 Rf7 66. Qh8+ Kg6 67. Qg8+ Kf5 68. Qc8+ Kf4 69. Qh8 Bg6 70. Qd4+ Kf5 71. Qd5+ Kf6 72. Kh1 Re7 73. Kg1 Be4 74. Qc5 g4 75. Qd4+ Be5 76. Qb6 Kg5 77. Qc5 Kf6 78. Qb6 Rc7 79. Qb4 Bf5 80. Qf8+ Kg5 81. Qd8+ Kf4 82. Qd2+ Ke4 83. Qc2+ Kf4 84. Qd2+ Ke4 85. Qc2+ Kf4 1/2-1/2

[Event "Guernsey op 32nd"]
[Site "Grand Harve Bay"]
[Date "2006.10.15"]
[Round "1"]
[White "Wiecker, Stefan"]
[Black "Lock, Gavin R"]
[Result "1/2-1/2"]
[WhiteElo "2048"]
[BlackElo "2226"]
[PlyCount "112"]
[EventDate "2006.10.15"]
[EventType "swiss"]
[EventRounds "7"]
[EventCountry "GCI"]
[SourceTitle "EXT 2007"]
[Source "ChessBase"]
[SourceDate "2006.11.23"]
[SourceVersion "1"]
[SourceVersionDate "2006.11.23"]
[SourceQuality "1"]

1. e4 e6 2. d4 d5 3. Nc3 Bb4 4. e5 c5 5. a3 Ba5 6. b4 cxd4 7. Nb5 Bc7 8. f4 Bd7 9. Nxc7+ Qxc7 10. Bd3 Ne7 11. Nf3 Ba4 12. Bb2 Nbc6 13. Qe2 a6 14. Nxd4 Nxd4 15. Bxd4 Nf5 16. Bb2 Qb6 17. Bxf5 exf5 18. Qd3 Rc8 19. Bd4 Qg6 20. c3 0-0 21. Qf3 Bc2 22. Kf2 Be4 23. Qg3 Qh6 24. a4 Rc6 25. Qg5 Qe6 26. a5 Rfc8 27. h4 Rc4 28. Rad1 h6 29. Qg3 h5 30. Rh3 g6 31. Qg5 Kh7 32. Qg3 R8c6 33. Qe3 Rc8 34. Rg3 R8c6 35. Rg5 Rc8 36. Qe2 R8c6 37. Qd2 Rxb4 38. Kg1 Rb5 39. Qa2 Rc4 40. Rf1 Rc8 41. Rf2 Rb1+ 42. Kh2 Rc4 43. Qa3 Rb5 44. Rb2 Rxb2 45. Qxb2 Rc7 46. Qb4 Kg8 47. Rg3 Kh7 48. Re3 Kg7 49. Bb6 Rc6 50. Bc5 Rc7 51. Bf8+ Kh7 52. Bd6 Rd7 53. Re2 Kg8 54. Rb2 Qe8 55. Qc5 Kh7 56. g3 Kg7 1/2-1/2

[Event "Lovfalds EMT 20th B"]
[Site "Ringsted"]
[Date "2006.09.16"]
[Round "2"]
[White "Wiecker, Stefan"]
[Black "Rohde, Thomas"]
[Result "1-0"]
[WhiteElo "1972"]
[BlackElo "1903"]
[PlyCount "85"]
[EventDate "2006.09.15"]
[EventType "tourn"]
[EventRounds "5"]
[EventCountry "DEN"]
[SourceTitle "EXT 2023"]
[Source "ChessBase"]
[SourceDate "2022.10.05"]
[SourceVersion "1"]
[SourceVersionDate "2022.10.05"]
[SourceQuality "1"]

1. e4 c5 2. Nf3 d6 3. d4 cxd4 4. Nxd4 Nf6 5. Nc3 a6 6. Bc4 e6 7. Bb3 b5 8. Qf3 Qc7 9. 0-0 Bb7 10. Re1 Nc6 11. Nxc6 Bxc6 12. Nd5 Bxd5 13. exd5 e5 14. a4 Rb8 15. axb5 axb5 16. Be3 Be7 17. Ra7 Qd8 18. Qg3 0-0 19. Rea1 Ne4 20. Qf3 f5 21. c3 Bg5 22. Bc2 Bxe3 23. Qxe3 Nc5 24. Qh3 Qg5 25. b4 Nb7 26. Bd3 Nd8 27. R7a5 Qd2 28. Bxf5 g6 29. Ra7 Rb7 30. Rxb7 Nxb7 31. Be6+ Kg7 32. Qh4 g5 33. Qg3 Nd8 34. h4 Nxe6 35. dxe6 Kf6 36. Qg4 Qxc3 37. hxg5+ Kg6 38. Rd1 Rf4 39. Qh3 Qxb4 40. Qh6+ Kf5 41. e7 Qb2 42. Qf6+ Kg4 43. Qxf4+ 1-0

[Event "Skovlunde U20 op"]
[Site "Skovlunde"]
[Date "2006.05.13"]
[Round "6"]
[White "Wiecker, Stefan"]
[Black "Hansen, Alexei Cherstiouk"]
[Result "1/2-1/2"]
[WhiteElo "2039"]
[BlackElo "2104"]
[PlyCount "50"]
[EventDate "2006.05.10"]
[EventType "swiss"]
[EventRounds "9"]
[EventCountry "DEN"]
[SourceTitle "CBM 112 Extra"]
[Source "ChessBase"]
[SourceDate "2006.07.14"]
[SourceVersion "1"]
[SourceVersionDate "2006.07.14"]
[SourceQuality "1"]

1. e4 c5 2. Nf3 d6 3. d4 cxd4 4. Nxd4 Nf6 5. Nc3 g6 6. Be3 Bg7 7. f3 0-0 8. Qd2 Nc6 9. 0-0-0 d5 10. exd5 Nxd5 11. Nxc6 bxc6 12. Bd4 Nxc3 13. Qxc3 Bh6+ 14. Be3 Bxe3+ 15. Qxe3 Qb6 16. Qxe7 Be6 17. Qa3 Rad8 18. Bd3 Rd5 19. Qc3 Rc5 20. Qf6 Bxa2 21. h4 Rb8 22. h5 Rxh5 23. Rxh5 Qe3+ 24. Rd2 Qe1+ 25. Rd1 Qe3+ 1/2-1/2

[Event "Skovlunde U20 op"]
[Site "Skovlunde"]
[Date "2006.05.11"]
[Round "2"]
[White "Scherwin, Claes"]
[Black "Wiecker, Stefan"]
[Result "1-0"]
[WhiteElo "1820"]
[BlackElo "2039"]
[PlyCount "129"]
[EventDate "2006.05.10"]
[EventType "swiss"]
[EventRounds "9"]
[EventCountry "DEN"]
[SourceTitle "CBM 112 Extra"]
[Source "ChessBase"]
[SourceDate "2006.07.14"]
[SourceVersion "1"]
[SourceVersionDate "2006.07.14"]
[SourceQuality "1"]

1. d4 Nf6 2. c4 g6 3. Nc3 Bg7 4. e4 d6 5. f3 0-0 6. Be3 Nbd7 7. Qd2 c5 8. Nge2 a6 9. Ng3 Rb8 10. Be2 h5 11. h4 cxd4 12. Bxd4 Ne5 13. Nd5 b5 14. Rd1 bxc4 15. Bxe5 Nxe4 16. Nxe4 Bxe5 17. Ndc3 Be6 18. g4 d5 19. Ng5 Qb6 20. f4 Bg7 21. Nxe6 fxe6 22. Na4 Qc7 23. Rf1 d4 24. Rc1 c3 25. bxc3 Qa5 26. cxd4 Qxa4 27. Bc4 Qa3 28. Bxe6+ Kh8 29. Bb3 Qd6 30. Rc4 hxg4 31. Ke2 a5 32. Qe3 a4 33. Rxa4 Rbd8 34. Qe6 Bxd4 35. Qxd6 Rxd6 36. Ra5 g3 37. Rg5 Bf2 38. Rg4 Rdf6 39. Kf3 e5 40. a4 Rxf4+ 41. Rxf4 Rxf4+ 42. Kg2 Rb4 43. Bc2 Kg7 44. Rd1 Rxh4 45. Rd7+ Kh6 46. Rd6 e4 47. Re6 Rh2+ 48. Kf1 Rh1+ 49. Kg2 Rh2+ 50. Kf1 e3 51. Rxg6+ Kh5 52. Rg8 Rh1+ 53. Ke2 Ra1 54. Kf3 Ra2 55. Bd1 Rd2 56. Be2 Ra2 57. Bb5 Rb2 58. Be2 Kh4 59. Rg4+ Kh5 60. Rg8 Ra2 61. Bb5 Kh4 62. Rg4+ Kh3 63. Bf1+ Kh2 64. Rh4+ Kg1 65. Bg2 1-0

[Event "Skovlunde U20 op"]
[Site "Skovlunde"]
[Date "2006.05.11"]
[Round "3"]
[White "Wiecker, Stefan"]
[Black "Smith, Axel"]
[Result "1/2-1/2"]
[WhiteElo "2039"]
[BlackElo "2105"]
[PlyCount "135"]
[EventDate "2006.05.10"]
[EventType "swiss"]
[EventRounds "9"]
[EventCountry "DEN"]
[SourceTitle "CBM 112 Extra"]
[Source "ChessBase"]
[SourceDate "2006.07.14"]
[SourceVersion "1"]
[SourceVersionDate "2006.07.14"]
[SourceQuality "1"]

1. e4 e6 2. d4 d5 3. Nc3 Bb4 4. e5 c5 5. a3 cxd4 6. axb4 dxc3 7. Qg4 Ne7 8. Qxg7 Rg8 9. Qxh7 Nbc6 10. Nf3 Qc7 11. Bb5 Rxg2 12. bxc3 Bd7 13. Kf1 Rg8 14. Bf4 0-0-0 15. Bd3 Kb8 16. Re1 Rc8 17. Rg1 Rxg1+ 18. Kxg1 Rg8+ 19. Bg3 Nd8 20. Qh4 Ng6 21. Qd4 Nc6 22. Qe3 Nce7 23. Qd2 Rc8 24. Ng5 Nh8 25. Re3 Qxc3 26. Qxc3 Rxc3 27. Rf3 Be8 28. Nxe6 fxe6 29. Rf8 Rc8 30. Rxh8 Nc6 31. Rh4 d4 32. b5 Nb4 33. b6 a5 34. Rxd4 Nxc2 35. Rc4 Nb4 36. Rxc8+ Kxc8 37. Bc4 Kd7 38. Bh4 Bf7 39. Bb5+ Kc8 40. Kg2 Nd5 41. f3 Nxb6 42. Be1 a4 43. Bf2 Nd7 44. Bd4 a3 45. h4 Nb8 46. Kg3 Nc6 47. Bc3 a2 48. Bc4 Nb4 49. Kg4 a1Q 50. Bxa1 Nc2 51. Kg5 Nxa1 52. Kf6 Bh5 53. Bxe6+ Kc7 54. Bg4 Bxg4 55. fxg4 Nc2 56. e6 Ne3 57. e7 Nd5+ 58. Kf7 Nxe7 59. Kxe7 b5 60. h5 b4 61. h6 b3 62. h7 b2 63. h8Q b1Q 64. Qd8+ Kb7 65. Qd7+ Ka6 66. Qc6+ Ka7 67. Qc7+ Ka6 68. Qc4+ 1/2-1/2

[Event "Skovlunde U20 op"]
[Site "Skovlunde"]
[Date "2006.05.10"]
[Round "1"]
[White "Wiecker, Stefan"]
[Black "Tikkanen, Hans"]
[Result "0-1"]
[WhiteElo "2039"]
[BlackElo "2359"]
[PlyCount "56"]
[EventDate "2006.05.10"]
[EventType "swiss"]
[EventRounds "9"]
[EventCountry "DEN"]
[SourceTitle "CBM 112 Extra"]
[Source "ChessBase"]
[SourceDate "2006.07.14"]
[SourceVersion "1"]
[SourceVersionDate "2006.07.14"]
[SourceQuality "1"]

1. e4 c5 2. Nc3 Nc6 3. g3 g6 4. Bg2 Bg7 5. d3 e6 6. Be3 d6 7. f4 Nge7 8. Nf3 Nd4 9. 0-0 Rb8 10. e5 Nef5 11. Bf2 0-0 12. Ne4 Nxf3+ 13. Qxf3 dxe5 14. fxe5 Bxe5 15. Nxc5 b6 16. Ne4 Bxb2 17. Rab1 Bg7 18. g4 Nd4 19. Qd1 f5 20. Bg3 e5 21. gxf5 gxf5 22. Nd2 Bb7 23. Nf3 Rc8 24. Nxd4 Qxd4+ 25. Bf2 Qd7 26. Bxb7 Qxb7 27. Qe2 Rc6 28. Qf3 Rg6+ 0-1

[Event "DEN-ch cand"]
[Site "Aalborg"]
[Date "2006.04.14"]
[Round "4"]
[White "Pedersen, Jan Rode"]
[Black "Wiecker, Stefan"]
[Result "1-0"]
[WhiteElo "2212"]
[BlackElo "2009"]
[PlyCount "97"]
[EventDate "2006.04.11"]
[EventType "swiss"]
[EventRounds "7"]
[EventCountry "DEN"]
[SourceTitle "EXT 2018"]
[Source "ChessBase"]
[SourceDate "2017.10.13"]
[SourceVersion "1"]
[SourceVersionDate "2017.10.13"]
[SourceQuality "1"]

1. e4 c5 2. Nf3 Nc6 3. d4 cxd4 4. Nxd4 Nf6 5. Nc3 d6 6. Be3 Ng4 7. Qd2 Nxe3 8. Qxe3 e6 9. 0-0-0 Be7 10. Qg3 Nxd4 11. Rxd4 0-0 12. e5 Qa5 13. exd6 Bf6 14. Ra4 Qb6 15. Be2 Bd7 16. Ra3 Bc6 17. Rd1 Rfd8 18. Bf3 Rac8 19. Rb3 Qc5 20. Bxc6 Qxc6 21. Rd2 a5 22. Qf4 a4 23. Ra3 b5 24. Ne4 Bd4 25. Rad3 e5 26. Qf5 Qd7 27. Qxd7 Rxd7 28. g4 Kf8 29. c3 b4 30. Kd1 bxc3 31. bxc3 Bb6 32. Rb2 Ba5 33. Rb5 Bc7 34. c4 g6 35. g5 h6 36. c5 Bd8 37. h4 f5 38. gxf6 Kf7 39. Ke2 Bxf6 40. Rf3 Ke6 41. Rxf6+ Kd5 42. c6+ Kxc6 43. Rc5+ Kb7 44. Rxc8 Kxc8 45. Nc5 Rd8 46. d7+ Kb8 47. Rxg6 h5 48. Re6 Kc7 49. Re8 1-0